Dávkovač na tuhé farmaceutické prípravky. B 65D 83/04

Podrobná bibliografia
Hlavný autor: Essig, Dieter (Autor)
Médium: Kniha
Jazyk:neznámy jazyk
Fyzický popis:6 s.
Vydavateľské údaje: Banská Bystrica Úrad priemyselného vlastníctva SR 1999

MARC

LEADER 00000nam a2200000 a 4500
001 vtls001383772
003 SK-MaSNL
005 20260301161431.0
008 240314sm y0 xo 0 und
035 |a SNK000337868 
040 |a SNK  |b slo  |c SNK  |e AACR2 
044 |a xo  |c SK 
100 1 |a Essig, Dieter  |4 aut  |9 524439 
245 1 0 |a Dávkovač na tuhé farmaceutické prípravky. B 65D 83/04 
260 |a Banská Bystrica  |b Úrad priemyselného vlastníctva SR  |c 1999 
300 |a 6 s. 
999 |c 809444  |d 811374 
952 |t P60, <04>, [BOOK], {604}  |a SNK  |b SNK  |y VYP  |7 0  |p 17A0228955  |o snkSK 279956  |i snkPS 222/2000  |0 0  |1 0  |4 0  |d 2000-02-25  |l 0  |r 2005-01-02 00:00:00  |w 2026-02-24